Lataa...

Malayan ethnobiology;A case study in peechi and pattikad forest areas

Bibliografiset tiedot
Päätekijä: Nizar.K Muhammad
Aineistotyyppi: Report
Kieli:Undetermined
Julkaistu: 2010
LEADER 00500nam a2200169Ia 4500
008 141004s9999 xx 000 0 und d
040 |c a 
041 |a English 
082 |a PR 
082 |b MUH 
100 |a Nizar.K Muhammad 
245 |a Malayan ethnobiology;A case study in peechi and pattikad forest areas 
245 |c Nizar.K Muhammad 
260 |c 2010 
942 |c PR 
999 |c 175673  |d 175673 
952 |0 0  |1 0  |4 0  |6 PR_MUH  |7 0  |9 180646  |a KAUCOF  |b KAUCOF  |o PR MUH  |p KAU_COF-PR-183   |r 2014-10-04  |w 2014-10-04  |y PR